000
00351nam a2200169Ia 4500
100
_a
Pillai/S.O
650
_a
Physics
250
_a
6
942
_c
BK
366
_f
20
654
_a
solid
245
_a
Solid State Physics
260
_b
New Age Int (P) Ltd
_a
Mumbai
_c
2005
082
_a
530.41/PIL
_b
PIL
300
_a
819
546
_a
ENGLISH
999
_c
33213
_d
33213